000 00388nam a22001577a 4500
999 _c7208
_d7208
003 OSt
005 20190123202107.0
008 190123b ||||| |||| 00| 0 eng d
040 _cDLC
082 _a222
_bH726h
100 _aHoldcroft, Thomas;
245 _aThe HIstorcial Books/
260 _aCalifornia:
_bGararden Publishing HOuse:
_cc1952
300 _a98 p.;
_c22 cm
942 _2ddc
_cBK